La civilización de los antiguos mayas
Guardat en:
| Autor principal: | |
|---|---|
| Format: | Llibre |
| Idioma: | espanyol |
| Publicat: |
Ciudad de México
Fondo de Cultura Económica
1991
|
| Edició: | 3a. ed |
| Col·lecció: | Sección de Obras de Antropología
|
| Matèries: | |
| Etiquetes: |
Afegir etiqueta
Sense etiquetes, Sigues el primer a etiquetar aquest registre!
|
MARC
| LEADER | 00000nam a2200000 a 4500 | ||
|---|---|---|---|
| 001 | UCU5793 | ||
| 003 | CL-VaPUC | ||
| 008 | 960614e19910000MX |||||||||||||||||spa|d | ||
| 082 | 0 | 4 | |a 972.004 |b RUZ |2 21 |
| 100 | 0 | |a Ruz Lhuillier, Alberto |e author |9 363791 | |
| 245 | 1 | 3 | |a La civilización de los antiguos mayas |
| 250 | |a 3a. ed | ||
| 300 | |a 97 p | ||
| 942 | |c BK | ||
| 945 | |d 19960614 00:00:00 |a rbrito | ||
| 260 | |a Ciudad de México |b Fondo de Cultura Económica |c 1991 | ||
| 600 | 0 | 7 | |a MAYAS |2 CL-VaPUC |9 351727 |
| 650 | 0 | |a Civilizaciones antiguas |9 265998 | |
| 650 | 0 | |a Historia |9 255047 | |
| 650 | 0 | |a Arte maya |9 363792 | |
| 650 | 0 | |a Arquitectura maya |9 265008 | |
| 650 | 7 | |a PINTURA MAYA |2 CL-VaPUC |9 363793 | |
| 650 | 7 | |a LENGUA MAYA |2 CL-VaPUC |9 363794 | |
| 583 | |a last modification |c 19960614 00:00:00 |k Rodrigo Vera | ||
| 490 | 0 | |a Sección de Obras de Antropología | |
| 999 | |c 248979 |d 248977 | ||
| 952 | |0 0 |1 0 |4 0 |6 972_004000000000000_RUZ_1991 |7 0 |8 A |9 265953 |a BIBART |b BIBART |d 2019-11-19 |i 3206750 |l 2 |o 972.004 RUZ 1991 |p 3206750 |r 2025-03-13 |s 2024-09-03 |w 2019-11-19 |y BK |k ART | ||